00798nam a2200181Ia 4500008004100000020001500041041001200056082001600068100002300084245009700107260003400204300000800238650001600246942000700262999001500269952016000284952017200444221030s9999 xx 000 0 und d a8185814872 aEnglish a105.23bMuk aA. K. Mukhopadhyay 0aText Book on Microprocessor - Based Laboratory Experiments & Projectscby A. K. Mukhopadhyay bWheelher PubaNew Delhic1999 a365 aBE Computer cBK c2538d2538 pBE 1496g175.00l0o105.23 Mukr2024-06-13 00:00:00w2022-10-30yBK003Print4071aMIETLIBbMIETLIBcBL-First, FL-1, CUP-56, SH-4, R-4d2000-05-0610HBE pBE 1497g175.00l0o105.23 Mukr2024-06-13 00:00:00w2022-10-30yBK003Print4070aMIETLIBbMIETLIBcBL-Academic Block C, FL-2, CUP-126, SH-2, R-2d2000-05-0610HBE